000
00294nam a2200109Ia 4500
008
220204s9999 xx 000 0 und d
082
_a
339.5.057.7
_b
SIN
100
_a
SINGH, M L
245
0
_a
Sectoral terms of trade and economic growth in India
260
_a
India
_b
Sterling
_c
1976
942
_c
BK
999
_c
26388
_d
26388